000
00278nam a2200121Ia 4500
005
20251222154431.0
008
251222s9999||||xx |||||||||||||| ||spa||
020
_a
9972-738-05-1
082
_a
657.85/R35
245
0
_a
Régimen Contable Peruano
264
_b
Legis
942
_c
LIB
999
_c
36432
_d
36432